Statistiken für Bundesliga-Trainer seit 2000

Klicken Sie hier um das Quiz zu spielen!

Allgemein

  • Dieses Quiz wurde 6.617 mal gespielt
    (2.225 seit der letzten Aktualisierung)
  • Das Durchschnittsergebnis liegt bei 168 aus 375

Antwortstatistiken

ClubTrainer% Korrekt
FC Bayern München | Rasenballsport Leipzig | TSG 1899 HoffenheimJulian Nagelsmann
92%
Borussia Dortmund | FC Bayern München | FSV Mainz 05Thomas Tuchel
92%
Borussia Dortmund | FSV Mainz 05Jürgen Klopp
91%
Bayer Leverkusen | Borussia Mönchengladbach | FC Bayern München | FC Schalke 04Jupp Heynckes
86%
FC Augsburg | FC Schalke 04Manuel Baum
86%
Eintracht Frankfurt | FC Bayern MünchenNiko Kovac
86%
VfL WolfsburgNico Kovac
85%
FC Bayern MünchenPep Guardiola
85%
Borussia DortmundEdin Terzic
84%
Borussia Dortmund | Borussia Mönchengladbach | Rasenballsport LeipzigMarco Rose
84%
SC FreiburgChristian Streich
82%
1. FC Köln | SC PaderbornSteffen Baumgart
81%
FC Bayern MünchenHansi Flick
78%
Hertha BSC BerlinPál Dárdai
78%
Bayer LeverkusenXabi Alonso
78%
FC Bayern MünchenCarlo Ancelotti
77%
Eintracht Frankfurt | FC Bayern München | FC Schalke 04 | +3 othersFelix Magath
77%
Bayer Leverkusen | Hamburger SV | Hertha BSC Berlin | +2 othersBruno Labbadia
76%
FC Bayern München | Hertha BSC BerlinJürgen Klinsmann
76%
Borussia Dortmund | Borussia Mönchengladbach | Hertha BSC BerlinLucien Favre
76%
TSG 1899 Hoffenheim | VfB StuttgartSebastian Hoeneß
74%
Eintracht Frankfurt | Hannover 96 | SV Werder BremenThomas Schaaf
72%
Eintracht Frankfurt | VfL WolfsburgOliver Glasner
70%
FC Bayern MünchenLouis van Gaal
69%
1. FC Union BerlinUrs Fischer
68%
FC Augsburg | FSV Mainz 05 | VfL WolfsburgMartin Schmidt
67%
Bayer LeverkusenRoger Schmidt
67%
FC Schalke 04 | Hannover 96 | Rasenballsport Leipzig | +2 othersRalf Rangnick
66%
1. FC Köln | Borussia DortmundPeter Stöger
65%
FC Schalke 04 | Rasenballsport LeipzigDomenico Tedesco
64%
Borussia Mönchengladbach | Eintracht FrankfurtAdi Hütter
63%
FC Schalke 04 | Hamburger SV | Hertha BSC Berlin | +2 othersHuub Stevens
63%
Bayer Leverkusen | Borussia DortmundPeter Bosz
63%
FC Schalke 04 | VfL BochumThomas Reis
63%
FSV Mainz 05Bo Svensson
62%
SV Werder BremenOle Werner
62%
1. FC Köln | Eintracht Frankfurt | FC Hansa Rostock | +3 othersFriedhelm Funkel
61%
Bayer LeverkusenGerardo Seoane
61%
FC Augsburg | FC Schalke 04 | VfB StuttgartMarkus Weinzierl
61%
FC Bayern MünchenOttmar Hitzfeld
61%
1. FC Nürnberg | Alemannia Aachen | Borussia Mönchengladbach | +2 othersDieter Hecking
59%
SV Werder Bremen | VfL WolfsburgFlorian Kohfeldt
58%
FSV Mainz 05 | Hertha BSC BerlinSandro Schwarz
58%
FC Ingolstadt | Rasenballsport LeipzigRalph Hasenhüttl
55%
Hamburger SVThorsten Fink
55%
Eintracht BraunschweigThorsten Lieberknecht
55%
Eintracht Frankfurt | FC Hansa Rostock | Hamburger SV | +2 othersArmin Veh
54%
TSG 1899 HoffenheimPelegrino Matarazzo
54%
VfB StuttgartPellegrino Matarazzo
54%
Borussia MönchengladbachDaniel Farke
53%
1. FC Köln | Bayer Leverkusen | Eintracht FrankfurtChristoph Daum
52%
Fortuna Düsseldorf | MSV Duisburg | SV Darmstadt 98Norbert Meier
52%
1. FC Köln | Hamburger SV | TSG 1899 HoffenheimMarkus Gisdol
51%
Borussia Dortmund | Hamburger SV | Hannover 96Thomas Doll
51%
FC Schalke 04 | Hannover 96 | SC Paderborn | TSG 1899 HoffenheimAndré Breitenreiter
50%
FC AugsburgEnrico Maaßen
50%
Borussia Dortmund | VfB StuttgartMatthias Sammer
50%
FC Schalke 04 | Hamburger SV | Hannover 96Mirko Slomka
50%
Bayer Leverkusen | SC Freiburg | SV Werder BremenRobin Dutt
50%
FC Schalke 04David Wagner
49%
Bayer Leverkusen | VfB StuttgartHannes Wolf
49%
1. FC Nürnberg | Borussia Mönchengladbach | Hertha BSC BerlinHans Meyer
49%
1. FC Kaiserslautern | Hertha BSC BerlinOtto Rehhagel
49%
VfL BochumThomas Letsch
49%
Bayer Leverkusen | Hamburger SVKlaus Toppmöller
48%
1. FC Köln | SC FreiburgVolker Finke
48%
1. FC Kaiserslautern | 1. FC Nürnberg | VfL WolfsburgWolfgang Wolf
48%
Arminia Bielefeld | FC Schalke 04 | SpVgg Greuther Fürth | TSG 1899 HoffenheimFrank Kramer
47%
Bayer Leverkusen | Hannover 96 | Hertha BSC Berlin | VfB StuttgartTayfun Korkut
47%
FC Schalke 04 | VfB StuttgartChristian Gross
45%
FC Schalke 04Dimitrios Grammozis
45%
FC Augsburg | SV Darmstadt 98Dirk Schuster
44%
Rasenballsport LeipzigJesse Marsch
44%
FC Schalke 04 | SpVgg Greuther FürthMike Büskens
44%
Hannover 96 | VfL BochumPeter Neururer
44%
Bayer LeverkusenRudi Völler
44%
1. FC Köln | Borussia Mönchengladbach | FC Augsburg | Hertha BSC BerlinJos Luhukay
43%
VfL WolfsburgMark van Bommel
43%
FC Bayern MünchenWilly Sagnol
41%
Alemannia Aachen | Arminia Bielefeld | Borussia Mönchengladbach | Hannover 96Michael Frontzeck
40%
Hertha BSC Berlin | SV Werder BremenAlexander Nouri
39%
Borussia DortmundUdo Lattek
39%
1. FC KölnChristoph John
38%
Bayer Leverkusen | FC Augsburg | VfL BochumHeiko Herrlich
38%
Hertha BSC Berlin | TSG 1866 Hoffenheim | VfB StuttgartMarkus Babbel
38%
FC Schalke 04Roberto Di Matteo
38%
FC Bayern München | VfL WolfsburgAndries Jonker
37%
Borussia Dortmund | Hamburger SVBert van Marwijk
37%
FC Schalke 04 | VfB StuttgartJens Keller
37%
Bayer Leverkusen | Eintracht Frankfurt | Hertha BSC BerlinMichael Skibbe
35%
SV Werder BremenViktor Skripnik
35%
Hamburger SVChristian Titz
34%
FC St. Pauli | TSG 1899 HoffenheimHolger Stanislawski
34%
Borussia Dortmund | Hertha BSC Berlin | VfL WolfsburgJürgen Röber
34%
1. FC Nürnberg | Bayer Leverkusen | VfL WolfsburgKlaus Augenthaler
34%
Bayer LeverkusenSascha Lewandowski
34%
SpVgg Greuther FürthStefan Leitl
34%
VfB StuttgartThomas Schneider
34%
1860 MünchenWerner Lorant
34%
Borussia MönchengladbachAndré Schubert
33%
Energie CottbusEdmund Geyer
33%
1. FC KölnFrank Schäfer
33%
1. FC Köln | FSV Mainz 05Achim Beierlorzer
32%
VfB StuttgartGiovanni Trapattoni
32%
Hamburger SVMartin Jol
31%
SV Darmstadt 98Thorsten Frings
31%
1. FC Köln | Borussia Mönchengladbach | Hannover 96Ewald Lienen
30%
1860 München | Hertha BSC BerlinFalko Götz
30%
FC Hansa Rostock | Hamburger SVFrank Pagelsdorf
30%
SC FreiburgMarcus Sorg
30%
Bayer LeverkusenSami Hyypiä
29%
VfB StuttgartAlexander Zorniger
28%
Hertha BSC BerlinAnte Covic
28%
Bayer LeverkusenBerti Vogts
28%
Arminia BielefeldUwe Neuhaus
28%
TSG 1899 HoffenheimAlfred Schreuder
27%
Hamburger SVJoe Zinnbauer
26%
Hamburger SVRodolfo Cardoso
26%
1. FC KaiserslauternAndreas Brehme
25%
Borussia Mönchengladbach | VfL WolfsburgHolger Fach
25%
VfL WolfsburgValerien Ismael
25%
Hamburger SVBernd Hollerbach
24%
VfL BochumDariusz Wosz
24%
FSV Mainz 05Jan-Moritz Lichte
24%
Arminia Bielefeld | FC Hansa RostockJörg Berger
24%
FSV Mainz 05Kasper Hjulmand
24%
SpVgg Unterhaching | VfL WolfsburgLorenz-Günther Köstner
24%
1. FC NürnbergMichael Köllner
24%
1. FC KölnStaale Solbakken
24%
1. FC KölnStefan Ruthenbeck
24%
VfL WolfsburgSteve McClaren
24%
Borussia MönchengladbachDick Advocaat
23%
Arminia BielefeldErnst Middendorp
23%
FC Schalke 04Fred Rutten
23%
MSV DuisburgJürgen Kohler
23%
1. FC Köln | VfL BochumMarcel Koller
23%
1. FC KölnZvonimir Soldo
23%
Hertha BSC BerlinAndreas Thom
22%
Arminia BielefeldBenno Möhlmann
22%
Borussia DortmundBernd Krauss
22%
1. FC NürnbergGertjan Verbeek
22%
Borussia MönchengladbachHorst Köppel
22%
FC IngolstadtMarkus Kauczinski
22%
1. FC Nürnberg | Hamburger SVMichael Oenning
22%
VfB StuttgartMichael Wimmer
22%
Hamburger SVPeter Knäbel
22%
1. FC Köln | Arminia BielefeldUwe Rapolder
22%
Hamburger SVFrank Arnesen
21%
1. FC KölnHanspeter Latour
21%
FSV Mainz 05Jan Siewert
21%
1. FC Kaiserslautern | TSG 1899 HoffenheimMarco Kurz
21%
FC Schalke 04Marc Wilmots
21%
SSV Ulm 1846Martin Andermatt
21%
VfL WolfsburgPierre Littbarski
21%
FC Schalke 04 | MSV DuisburgSeppo Eichkorn
21%
Fortuna DüsseldorfUwe Rösler
21%
FC Schalke 04Eddy Achterberg
20%
1. FC Kaiserslautern | VfL WolfsburgEric Gerets
20%
FC Schalke 04Frank Neubarth
20%
Energie CottbusHeiko Weber
20%
Arminia BielefeldHermann Gerland
20%
1. FC Kaiserslautern | Hamburger SVKurt Jara
20%
FC Schalke 04Oliver Reck
20%
Bayer LeverkusenThomas Hörster
20%
Borussia MönchengladbachChristian Ziege
19%
Karlsruher SCEdmund Becker
19%
FC Hansa RostockJuri Schlünz
19%
1. FC KaiserslauternMichael Henke
19%
1. FC NürnbergRoger Prinzen
19%
1. FC Nürnberg | Arminia BielefeldThomas von Heesen
19%
1. FC NürnbergBoris Schommers
18%
VfL BochumHeiko Butscher
18%
Hertha BSC BerlinKarsten Heine
18%
1860 MünchenPeter Pacult
18%
Hamburger SVRicardo Moniz
18%
VfL BochumRolf Schafstall
18%
VfB StuttgartJürgen Kramny
17%
1. FC KaiserslauternKarl-Heinz Emig
17%
FC Schalke 04Matthias Kreutzer
17%
1. FC NürnbergMichael Wiesinger
17%
VfB StuttgartNico Willig
17%
Energie CottbusPetrik Sander
17%
SV Werder BremenWolfgang Rolff
17%
Energie CottbusBojan Prasnikar
16%
Hertha BSC BerlinRene Tretschok
16%
Eintracht FrankfurtWilli Reimann
16%
Hannover 96Andreas Bergmann
15%
Hannover 96Daniel Stendel
15%
VfL BochumFrank Heinemann
15%
Eintracht FrankfurtFriedel Rausch
15%
1860 MünchenGerald Vanenburg
15%
1. FC KaiserslauternKrasimir Balakow
15%
FC IngolstadtMaik Walpurgis
15%
TSG 1899 HoffenheimMarco Pezzaiuoli
15%
Eintracht FrankfurtRolf Dohmen
15%
MSV DuisburgRudi Bommer
15%
FC Hansa RostockAndreas Zachhuber
14%
Arminia BielefeldFrank Geideck
14%
MSV DuisburgHeiko Scholz
14%
Hamburger SVHolger Hieronymus
14%
TSG 1899 HoffenheimMarcel Rapp
14%
VfL BochumRalf Zumdick
14%
SV Darmstadt 98Ramon Berndroth
14%
Arminia BielefeldDetlev Dammeier
13%
FC St. PauliDietmar Demuth
13%
1. FC KaiserlauternHans Werner Moser
13%
Arminia BielefeldMarco Kostmann
13%
1. FC NürnbergDieter Lieberwirth
12%
SpVgg Greuther FürthLudwig Preis
12%

Verteilung der Resultate

Perzentil nach korrekt beantworteten Fragen

Anzahl Personen mit jedem Resultat

Ihre Resultats-Entwicklung

Sie haben dieses Quiz seit der letzten Aktualisierung nicht gespielt